Statistiques concernant AS Saint-Etienne - Les joueurs à plus de 100 matchs

Cliquez ici pour prendre le quiz!

Statistiques générales

  • Ce quiz a été pris 430 fois
  • Le résultat moyen est 9 sur 19

Statistiques - réponses

JoueursMatchs% Correct
Loic Perrin469
98%
Stéphane Ruffier383
96%
Romain Hamouma268
85%
Jérémie Janot386
62%
Fabien Lemoine226
59%
Moustapha Bayal Sall232
59%
Jérémy Clément192
51%
Kévin Monnet Paquet191
47%
Max Alain Gradel117
44%
Renaud Cohade139
44%
Robert Beric105
44%
François Clerc104
42%
Dimitri Payet148
41%
Blaise Matuidi154
39%
Joshua Guilavogui120
30%
Benjamin Corgnet101
23%
Christophe Landrin135
16%
Kévin Theophile Catherine142
16%
Bakary Sako117
13%

Distribution des résultats

Percentile par nombre de réponses

% des personnes avec chaque résultat

Votre développement - résultats

Vous n’avez pas pris ce quiz